000 00319nam a22001337a 4500
008 171027b xxu||||| |||| 00| 0 eng d
020 _a9780415948388
041 _aeng
080 _a336
100 _a56
101 _aFIN
245 _aMASTERING THE FINANCIAL DIMENSION OF YOUR PRACTICE
_cCOLE, P.H
942 _2udc
_cBK
999 _c36215
_d36215